Sport - Jeux Européens 2023 - Classement des pays - Statistiques

Statistiques générales
  • Ce quiz a été pris 13 fois
  • Le résultat moyen est 9 sur 41
Statistiques - réponses
Rang Or Argent Bronze Total Pays % Correct
1 35 26 39 100 ITALIE
100%
2 20 16 27 63 ALLEMAGNE
69%
3 17 19 26 62 FRANCE
69%
4 21 17 19 57 ESPAGNE
38%
6 12 10 27 49 ROYAUME-UNI
38%
5 13 19 18 50 POLOGNE
31%
12 7 6 6 19 AUTRICHE
23%
21 2 5 6 13 BELGIQUE
23%
12 8 6 5 19 PAYS-BAS
23%
11 7 5 12 24 SUISSE
23%
7 21 12 8 41 UKRAINE
23%
36 2 0 0 2 ALBANIE
15%
39 0 1 0 1 BOSNIE-HERZEGOVINE
15%
25 3 4 5 12 BULGARIE
15%
21 5 4 4 13 CROATIE
15%
14 7 5 6 17 DANEMARK
15%
34 2 1 0 3 ESTONIE
15%
28 2 1 5 8 FINLANDE
15%
14 2 5 10 17 GRECE
15%
8 10 10 18 38 HONGRIE
15%
21 4 4 5 13 IRLANDE
15%
31 3 2 2 7 LETTONIE
15%
28 2 2 4 8 LITUANIE
15%
36 0 1 1 2 LUXEMBOURG
15%
39 0 1 0 1 MACEDOINE
15%
36 1 0 1 2 MOLDAVIE
15%
39 0 1 0 1 MONACO
15%
19 6 4 6 15 NORVEGE
15%
17 3 7 6 16 PORTUGAL
15%
14 6 6 5 17 ROUMANIE
15%
17 3 6 7 16 SERBIE
15%
28 1 4 3 8 SLOVAQUIE
15%
21 3 8 2 13 SLOVENIE
15%
20 2 7 5 14 SUEDE
15%
10 7 10 11 28 TCHEQUIE
15%
8 9 9 20 38 TURQUIE
15%
34 0 1 2 3 ARMENIE
8%
26 3 2 6 11 AZERBAIDJAN
8%
32 0 3 2 5 CHYPRE
8%
27 4 2 3 9 GEORGIE
8%
32 1 1 3 5 ISRAEL
8%
Aucun quiz correspondant
Distribution des résultats
% des personnes avec chaque résultat
Percentile par nombre de réponses
Votre historique - résultats
Vous n’avez pas pris ce quiz